| 000 | 00000nam##2200000za#4500 |
| 001 | 9.690742 |
| 003 | CaOODSP |
| 005 | 20241203113636 |
| 007 | cr ||||||||||| |
| 008 | 150407|2008||||xxc|||||o f|0| 0 eng|d |
| 020 | |a978-0-662-48015-0 |
| 040 | |aCaOODSP|beng |
| 043 | |an-cn--- |
| 086 | 1 |aEn84-59/2008E-PDF |
| 110 | 1 |aCanada. |bEnvironment Canada. |
| 245 | 10|aCanada's Credit for Early Action Program |h[electronic resource] |
| 246 | 1 |iAt head of title : |aTurning the corner |
| 260 | |aOttawa - Ontario : |bEnvironment Canada |cMarch 2008. |
| 300 | |a18p.|bfig., table |
| 500 | |aThe catalogue number (En84-59/2008) and ISBN (978-0-662-05521-1) for the bilingual print edition have been incorrectly copied in this electronic publication. |
| 520 | 3 |aIntended to seek feedback on the proposed Credit for Early Action Program, including eligibility rules and the process for allocating credits. |
| 590 | |a12-24-Supp|b2012-05-30 |
| 690 | 07|aEnvironmental programs|2gcpds |
| 775 | 08|tProgramme canadien de crédit pour des mesures d'action précoce |w(CaOODSP)9.635092 |
| 776 | 0#|tCanada's Credit for Early Action Program |w(CaOODSP)9.669845 |
| 776 | 0#|tProgramme canadien de crédit pour des mesures d'action précoce |w(CaOODSP)9.669846 |
| 856 | 40|ahttp://publications.gc.ca|qPDF|s868 KB|uhttps://publications.gc.ca/collections/collection_2012/ec/En84-59-2008-eng.pdf |